000 00768nam a2200205 a 4500
008 120416s1992 ||||||||||||||||| || u
020 _a997610166X
050 _aHD 82 Rwe
100 _aRweyemamu, Justinian F
245 1 0 _aThird World options
246 _apower, security and the hope for another development
260 _aDar es Salaam
_bTanzania Publishing House
_c1992
300 _axiv, 225p.
350 _a0.00
500 _aIncludes bibliographical references.
650 0 _aECONOMICS
650 0 _aECONOMIC FORECASTING--DEVELOPING COUNTRIES
650 0 _aDEVELOPING COUNTRIES--ECONOMIC POLICY
995 _D0.00
_FCBU-MAIN LIBRARY (Kitwe)
_H1
_I3.00
_M1
_UAVAILABLE
_ZMain Library Open Access Collection
999 _c59856
_d59856